Yugoslavia in the Eurovision Song Contest - Statistics

General Stats
  • This quiz has been taken 23 times
  • The average score is 14 of 27
Answer Stats
Answer % Correct
Rock Me
88%
Džuli (Џули)
71%
Gori vatra (Гори ватра)
65%
Jedan dan (Један дан)
65%
Muzika i ti (Музика и ти)
65%
Brazil (Бразил)
59%
Hajde da ludujemo (Хајде да лудујемо)
59%
Mangup (Мангуп)
59%
Brez besed
53%
Brodovi (Бродови)
53%
Ciao, amore
53%
Ne pali svetla u sumrak (Не пали светла у сумрак)
53%
Željo moja (Жељо моја)
53%
Dan ljubezni
47%
Generacija '42 (Генерација '42)
47%
Halo, halo (Хало, хало)
47%
Ja sam za ples (Ја сам за плес)
47%
Neke davne zvezde (Неке давне звезде)
47%
Pridi, dala ti bom cvet
47%
Tvoj dječak je tužan (Твој дјечак је тужан)
47%
Čežnja (Чежња)
41%
Lejla (Лејла)
41%
Ljubim te pesmama (Љубим те песмама)
41%
Pozdrav svijetu (Поздрав свијету)
41%
Vse rože sveta
41%
Ne mogu skriti svoju bol (Не могу скрити своју бол)
35%
Život je sklopio krug (Живот је склопио круг)
35%
No matching quizzes found
Score Distribution
Percent of People with Each Score
Percentile by Number Answered
Your Score History
You have not taken this quiz